000 00619nam a22001697a 4500
999 _c64009
_d64009
005 20260309113611.0
008 260309s2015 enk||||| |||| 00| 0 eng d
020 _a9780141979748x
041 _aeng
080 _a930.85(520) K-37
100 _aKerr, Alex
_927084
245 _aLost Japan:
_bLast Glimpse of Beautiful Japan /
_cAlex Kerr.
264 _aLondon :
_bPenguin Books,
_c2015.
300 _a240 p.;
_b20 cm.
653 _aდაკარგული იაპონია: ულამაზესი იაპონიის უკანასკნელი ხილვა
942 _2udc
_cᲬᲘᲒᲜᲘ